Normal view
MARC view
- عبيد ، مزهر جعفر
Entry Personal Name
001 - CONTROL NUMBER
- control field: 25068
003 - CONTROL NUMBER IDENTIFIER
- control field: JO-AjAnu
005 - DATE AND TIME OF LATEST TRANSACTION
- control field: 20230606074305.0
008 - FIXED-LENGTH DATA ELEMENTS
- fixed length control field: 230606|| aca||aabn | a|a d
040 ## - CATALOGING SOURCE
- Original cataloging agency: JO-AjAnu
- Transcribing agency: JO-AjAnu
100 ## - HEADING--PERSONAL NAME
- Personal name: عبيد ، مزهر جعفر
670 ## - SOURCE DATA FOUND
- Source citation: Work cat.: (JO-AjAnu)12896: عبيد ، مزهر جعفر, author, شرح قانون الجزاء العماني / القسم الخاص : الجرائم الواقعة على الأفراد